[Event "GRE-ch U14"]
[Site "Chania"]
[Date "2003.04.22"]
[Round "5"]
[White "Vranistas, P."]
[Black "Piros, Anestis"]
[Result "0-1"]
[WhiteElo "1145"]
[BlackElo "1445"]
[PlyCount "66"]
[EventDate "2003.04.??"]
[EventType "swiss"]
[EventRounds "7"]
[EventCountry "GRE"]
[SourceTitle "EXT 2005"]
[Source "ChessBase"]
[SourceDate "2004.11.15"]
[SourceVersion "1"]
[SourceVersionDate "2004.11.15"]
[SourceQuality "1"]

1. e4 c5 2. Nf3 d6 3. d4 cxd4 4. Nxd4 Nf6 5. Nc3 g6 6. f3 Bg7 7. Be3 0-0 8. Qd2 Nc6 9. 0-0-0 Bd7 10. Bh6 Nxd4 11. Bxg7 Nxf3 12. gxf3 Kxg7 13. h4 Qa5 14. Kb1 Rac8 15. Rh2 Be6 16. Bh3 Bxh3 17. Rxh3 Rc6 18. Qd4 Qc5 19. Qd2 Rfc8 20. Rh2 b5 21. Qc1 Ra6 22. Nd5 b4 23. Nxe7 Qa5 24. a3 Rc5 25. Rd4 Re5 26. Nc8 Qc7 27. Nxa7 Rxa7 28. Rxb4 d5 29. exd5 Nxd5 30. Rd4 Rb7 31. Rhd2 Nc3+ 32. Ka1 Ne2 33. Rxe2 Rxe2 0-1

[Event "GRE-ch U14"]
[Site "Chania"]
[Date "2003.04.21"]
[Round "3"]
[White "Tsialas, Panagiotis"]
[Black "Vranistas, P."]
[Result "1-0"]
[WhiteElo "1435"]
[BlackElo "1145"]
[PlyCount "53"]
[EventDate "2003.04.??"]
[EventType "swiss"]
[EventRounds "7"]
[EventCountry "GRE"]
[SourceTitle "EXT 2005"]
[Source "ChessBase"]
[SourceDate "2004.11.15"]
[SourceVersion "1"]
[SourceVersionDate "2004.11.15"]
[SourceQuality "1"]

1. e4 e6 2. d4 d5 3. exd5 exd5 4. c4 Bb4+ 5. Nc3 dxc4 6. Bxc4 Nc6 7. a3 Be7 8. Be3 Nf6 9. h3 Qd6 10. Nb5 Qd8 11. Nf3 a6 12. Nc3 h6 13. 0-0 Qd6 14. Re1 0-0 15. Qc2 Re8 16. Rad1 Bd8 17. Rd2 Ne7 18. Qb3 Rf8 19. Ne5 Rb8 20. Nxf7 Qb6 21. Qxb6 cxb6 22. Nxd8+ Kh8 23. Nf7+ Kh7 24. Bf4 Ra8 25. Rxe7 b5 26. Ba2 Nh5 27. Be5 1-0

[Event "GRE-ch U14"]
[Site "Chania"]
[Date "2003.04.20"]
[Round "1"]
[White "Verikakis, Ioannis"]
[Black "Vranistas, P."]
[Result "1-0"]
[WhiteElo "1610"]
[BlackElo "1145"]
[PlyCount "49"]
[EventDate "2003.04.??"]
[EventType "swiss"]
[EventRounds "7"]
[EventCountry "GRE"]
[SourceTitle "EXT 2005"]
[Source "ChessBase"]
[SourceDate "2004.11.15"]
[SourceVersion "1"]
[SourceVersionDate "2004.11.15"]
[SourceQuality "1"]

1. e4 e6 2. d4 d5 3. Nc3 Nf6 4. Bg5 Be7 5. e5 Ng8 6. Bxe7 Nxe7 7. Qd2 Ng6 8. 0-0-0 Bd7 9. f4 Qe7 10. Nf3 c5 11. Nb5 Bxb5 12. Bxb5+ Nc6 13. dxc5 Qxc5 14. Nd4 0-0 15. Bxc6 bxc6 16. g4 Qb6 17. h4 Rab8 18. c3 c5 19. Ne2 c4 20. h5 Ne7 21. Nd4 a5 22. f5 Nc6 23. Nxc6 Qxc6 24. f6 g6 25. Qh6 1-0